Nepomáhajte stavať, kde zatápa, radia Nobelovi laureáti
Nobelovu cenu za ekonómiu za rok 2004 získava Američan Edward C. Prescott a Európan pôsobiaci v USA Finn Kydland. Laureáti na základe svojej práce vytvorili čiastkové teórie, ktorých uplatňovanie umožnilo vyrovnať sa s problémom vysokej inflácie. Tento problém pred niekoľkými desaťročiami trápil aj...
Salvato in:
| Autore principale: | |
|---|---|
| Natura: | Capitolo di libro |
| Lingua: | slovacco |
| Soggetti: | |
| Tags: |
Nessun Tag, puoi essere il primo ad aggiungerne!!
|
MARC
| LEADER | 00000naa$a2200000$$$4500 | ||
|---|---|---|---|
| 001 | 0021051 | ||
| 005 | 20231009075630.9 | ||
| 041 | 0 | |a slo | |
| 044 | |a SK | ||
| 245 | 1 | 0 | |a Nepomáhajte stavať, kde zatápa, radia Nobelovi laureáti |c František Múčka |
| 520 | |a Nobelovu cenu za ekonómiu za rok 2004 získava Američan Edward C. Prescott a Európan pôsobiaci v USA Finn Kydland. Laureáti na základe svojej práce vytvorili čiastkové teórie, ktorých uplatňovanie umožnilo vyrovnať sa s problémom vysokej inflácie. Tento problém pred niekoľkými desaťročiami trápil aj najvyspelejšie krajiny ako USA, Britániu či Kanadu. | ||
| 610 | 2 | 0 | |a ekonómia |
| 610 | 2 | 0 | |a inflácia |
| 610 | 2 | 0 | |a Nobelova cena |
| 610 | 2 | 0 | |a Prescott, E.C. |
| 610 | 2 | 0 | |a Kydland, F.E. |
| 610 | 2 | 0 | |a 2004 |
| 100 | 1 | |a Múčka, František | |